000 00307nam a22001337a 4500
008 180301b xxu||||| |||| 00| 0 eng d
020 _a9780439287180
041 _aeng
080 _a371
100 _a46
101 _aEDU
245 _aWriting Winning Reports and Essays
_cJaneczko, P.B
942 _2udc
_cBK
999 _c43884
_d43884